[Event "GER Pfingstopen U16"]
[Site "Playchess.com INT"]
[Date "2020.06.05"]
[Round "11"]
[White "Hagenbeck Huebert, Jan"]
[Black "Zobel, Christian Erik"]
[Result "1-0"]
[WhiteElo "1459"]
[BlackElo "1558"]
[PlyCount "143"]
[EventDate "2020.06.05"]
[EventType "swiss (blitz)"]
[EventRounds "11"]
[EventCountry "GER"]
[SourceTitle "CBM 197 Extra"]
[Source "ChessBase"]
[SourceDate "2020.09.30"]
[SourceVersion "1"]
[SourceVersionDate "2020.09.30"]
[SourceQuality "1"]

1. d4 d5 2. c4 c6 3. Nc3 Nf6 4. Bg5 Nbd7 5. e3 h6 6. Bh4 e6 7. Nf3 Bb4 8. Qb3 Qa5 9. Rc1 Ne4 10. a3 Bxc3+ 11. bxc3 Ndf6 12. Bd3 0-0 13. 0-0 Qc7 14. cxd5 exd5 15. c4 Be6 16. Bg3 Nxg3 17. hxg3 Rfe8 18. cxd5 Bxd5 19. Bc4 Bxc4 20. Rxc4 Ne4 21. Rfc1 g5 22. Qb2 Qe7 23. Ne5 f6 24. Nd3 Rab8 25. Nc5 Nxc5 26. Rxc5 Kf7 27. d5 Rec8 28. dxc6 bxc6 29. Qa2+ Kg6 30. Qc2+ Kg7 31. Rxc6 Rxc6 32. Qxc6 Rd8 33. Qc7 Rd7 34. Qc5 Qf7 35. Rc2 Qe7 36. Qxe7+ Rxe7 37. Kf1 Rb7 38. Ke2 Kf7 39. Kd3 Ke6 40. Rc6+ Ke7 41. Ra6 Kd7 42. Rxf6 Rb3+ 43. Ke4 Rxa3 44. Rxh6 a5 45. Ra6 Ra2 46. f4 gxf4 47. gxf4 Rxg2 48. Rxa5 Rg6 49. Ra4 Re6+ 50. Kf3 Ke7 51. Re4 Kf6 52. Rxe6+ Kxe6 53. Ke4 Kf6 54. Kd5 Ke7 55. e4 Kf7 56. Ke5 Ke7 57. Kf5 Kf7 58. e5 Ke7 59. Kg6 Ke8 60. f5 Kd7 61. f6 Ke8 62. Kg7 Kd7 63. f7 Kc6 64. f8Q Kd5 65. Qe7 Kd4 66. e6 Kd3 67. Qd7+ Kc2 68. e7 Kb2 69. e8Q Kb3 70. Qec8 Kb2 71. Qdb7+ Ka3 72. Qca8# 1-0

[Event "GER Cup Net V4 U2000"]
[Site "Playchess.com INT"]
[Date "2020.05.31"]
[Round "2"]
[White "Hagenbeck Huebert, Ben"]
[Black "Hagenbeck Huebert, Jan"]
[Result "1/2-1/2"]
[WhiteElo "1674"]
[BlackElo "1476"]
[PlyCount "41"]
[EventDate "2020.05.31"]
[EventType "swiss (blitz)"]
[EventRounds "9"]
[EventCountry "GER"]
[SourceTitle "EXT 2021"]
[Source "ChessBase"]
[SourceDate "2020.10.23"]
[SourceVersion "1"]
[SourceVersionDate "2020.10.23"]
[SourceQuality "1"]

1. e4 e5 2. Nf3 Nc6 3. Nc3 Bb4 4. Bb5 Bxc3 5. bxc3 d6 6. d3 Nf6 7. Bg5 0-0 8. h3 Bd7 9. 0-0 h6 10. Bh4 Re8 11. Re1 a6 12. Bc4 Be6 13. Bb3 d5 14. exd5 Bxd5 15. Bxd5 Qxd5 16. Bxf6 gxf6 17. Nh4 Ne7 18. Qg4+ Kh7 19. Nf5 Nxf5 20. Qxf5+ Kg7 21. Qe4 1/2-1/2

[Event "GER Cup Net V4 U2000"]
[Site "Playchess.com INT"]
[Date "2020.05.31"]
[Round "5"]
[White "Wall, Viktor"]
[Black "Hagenbeck Huebert, Jan"]
[Result "1-0"]
[WhiteElo "1533"]
[BlackElo "1466"]
[PlyCount "49"]
[EventDate "2020.05.31"]
[EventType "swiss (blitz)"]
[EventRounds "9"]
[EventCountry "GER"]
[SourceTitle "EXT 2021"]
[Source "ChessBase"]
[SourceDate "2020.10.23"]
[SourceVersion "1"]
[SourceVersionDate "2020.10.23"]
[SourceQuality "1"]

1. e4 e5 2. Bc4 Nf6 3. d4 exd4 4. Nf3 Nc6 5. 0-0 Bc5 6. e5 Ng8 7. Bg5 Nge7 8. Re1 0-0 9. Nbd2 h6 10. Bh4 d5 11. exd6 Bxd6 12. Ne4 Re8 13. Nxd6 Qxd6 14. Bxe7 Rxe7 15. Rxe7 Qxe7 16. Nxd4 Qc5 17. Nxc6 Qxc6 18. Qd8+ Kh7 19. Bxf7 h5 20. Qg8+ Kh6 21. Qh8+ Kg5 22. Qxh5+ Kf6 23. Qg6+ Ke7 24. Re1+ Kd7 25. Be8+ 1-0

[Event "GER Cup Net V1 U2000"]
[Site "Playchess.com INT"]
[Date "2020.05.19"]
[Round "2"]
[White "Sundui, Chinguun"]
[Black "Hagenbeck Huebert, Jan"]
[Result "0-1"]
[WhiteElo "1750"]
[BlackElo "1579"]
[PlyCount "64"]
[EventDate "2020.05.19"]
[EventType "swiss (blitz)"]
[EventRounds "9"]
[EventCountry "GER"]
[SourceTitle "EXT 2021"]
[Source "ChessBase"]
[SourceDate "2020.10.23"]
[SourceVersion "1"]
[SourceVersionDate "2020.10.23"]
[SourceQuality "1"]

1. d4 d5 2. Nf3 c5 3. e3 Nc6 4. Be2 Bg4 5. b3 e6 6. Bb2 Nf6 7. 0-0 Be7 8. Nbd2 0-0 9. Ne5 Bxe2 10. Qxe2 Qc7 11. Ndf3 Bd6 12. Nxc6 Qxc6 13. Rac1 cxd4 14. Nxd4 Qd7 15. c4 dxc4 16. Rxc4 Rac8 17. Rfc1 Rxc4 18. Qxc4 Be5 19. b4 Rd8 20. h3 Nd5 21. a3 Nb6 22. Qe2 Rc8 23. Rd1 Qe7 24. Nf3 Bxb2 25. Qxb2 Nd5 26. Rc1 Rd8 27. Ne5 Qf6 28. Nc4 Qe7 29. Qe5 Rc8 30. Qb2 Qc7 31. Kf1 b5 32. e4 Ne7 0-1

[Event "GER-ch U18 sf Berlin Online"]
[Site "Playchess.com INT"]
[Date "2020.05.01"]
[Round "3"]
[White "Hagenbeck Huebert, Jan"]
[Black "Ho, Ngoc Hai Dang"]
[Result "0-1"]
[WhiteElo "1633"]
[BlackElo "1620"]
[PlyCount "102"]
[EventDate "2020.05.01"]
[EventType "swiss (blitz)"]
[EventRounds "13"]
[EventCountry "GER"]
[SourceTitle "CBM 195 Extra"]
[Source "ChessBase"]
[SourceDate "2020.05.31"]
[SourceVersion "1"]
[SourceVersionDate "2020.05.31"]
[SourceQuality "1"]

1. d4 Nf6 2. c4 g6 3. Nc3 Bg7 4. Bg5 0-0 5. e3 d6 6. Nf3 Nbd7 7. Be2 h6 8. Bh4 Nh7 9. 0-0 g5 10. Bg3 f5 11. h3 e5 12. dxe5 dxe5 13. Qd5+ Kh8 14. Nxe5 Nxe5 15. Bxe5 Qxd5 16. Bxg7+ Kxg7 17. Nxd5 c6 18. Nc3 Be6 19. Rfd1 Rad8 20. Bf3 Nf6 21. Rxd8 Rxd8 22. Rd1 Rxd1+ 23. Bxd1 Bxc4 24. b3 Be6 25. Bc2 Nd7 26. Ne2 Kf6 27. Nd4 Nc5 28. Nxe6 Kxe6 29. f3 Ke5 30. Kf2 Na6 31. a3 Nc5 32. b4 Nd7 33. e4 fxe4 34. Bxe4 Nb6 35. Kg3 Nc4 36. a4 Nb2 37. Bc2 Nc4 38. Bb3 Ne3 39. Kf2 Nf5 40. g3 Nd4 41. Ba2 Nc2 42. b5 cxb5 43. axb5 Na3 44. Ke3 Nxb5 45. f4+ gxf4+ 46. gxf4+ Kf6 47. Kf3 Nd4+ 48. Ke4 Nc6 49. Bd5 a5 50. Ba2 b5 51. Kd5 Nb4+ 0-1

[Event "GER-ch Net Amateur Gr-B Vor3"]
[Site "Playchess.com INT"]
[Date "2020.04.16"]
[Round "8"]
[White "Bendrich, Thorsten"]
[Black "Hagenbeck Huebert, Jan"]
[Result "0-1"]
[WhiteElo "1612"]
[BlackElo "1567"]
[PlyCount "124"]
[EventDate "2020.04.16"]
[EventType "swiss (blitz)"]
[EventRounds "9"]
[EventCountry "GER"]
[SourceTitle "CBM 195 Extra"]
[Source "ChessBase"]
[SourceDate "2020.05.31"]
[SourceVersion "1"]
[SourceVersionDate "2020.05.31"]
[SourceQuality "1"]

1. Nc3 d5 2. e4 e6 3. e5 c5 4. f4 Nc6 5. Nf3 Bd7 6. Ne2 Nge7 7. d4 Ng6 8. Ng3 Be7 9. c3 0-0 10. Bd3 Rc8 11. 0-0 cxd4 12. cxd4 Qb6 13. Be3 Nb4 14. Bxg6 hxg6 15. a3 Nc2 16. Qe2 Nxa1 17. Rxa1 Rc7 18. h4 Bb5 19. Qf2 Rfc8 20. Re1 Rc2 21. Bd2 Bd3 22. Qe3 Bf5 23. b4 Qa6 24. h5 gxh5 25. Nxh5 Be4 26. Ng5 Bxg5 27. fxg5 Qc4 28. Re2 Bd3 29. Rf2 Bg6 30. Ng3 Qa2 31. Qf4 Qb1+ 32. Kh2 Rb2 33. Be3 Rcc2 34. Rxc2 Qxc2 35. Qf3 Qb3 36. Nf1 Qxa3 37. Kh3 Rxb4 38. Qe2 Rb2 39. Qd1 Rb1 40. Qe2 Qd3 41. Qxd3 Bxd3 42. Nd2 Re1 43. Bf2 Re2 44. Nf3 Rxf2 45. Kg3 Rxf3+ 46. gxf3 a5 47. f4 a4 48. Kg4 a3 49. g6 a2 50. gxf7+ Kxf7 51. f5 Bxf5+ 52. Kg5 a1Q 53. Kh4 Qh1+ 54. Kg3 Qh3+ 55. Kf2 b5 56. Ke2 b4 57. Kd2 Qc3+ 58. Kd1 b3 59. Ke2 b2 60. Kf2 b1Q 61. Kg2 Qbb2+ 62. Kh1 Qcc1# 0-1

[Event "GER-ch Net Amateur Gr-B Vor3"]
[Site "Playchess.com INT"]
[Date "2020.04.16"]
[Round "7"]
[White "Hoke, Adrian Neo"]
[Black "Hagenbeck Huebert, Jan"]
[Result "1-0"]
[WhiteElo "1703"]
[BlackElo "1590"]
[PlyCount "121"]
[EventDate "2020.04.16"]
[EventType "swiss (blitz)"]
[EventRounds "9"]
[EventCountry "GER"]
[SourceTitle "CBM 195 Extra"]
[Source "ChessBase"]
[SourceDate "2020.05.31"]
[SourceVersion "1"]
[SourceVersionDate "2020.05.31"]
[SourceQuality "1"]

1. e4 e5 2. Nf3 Nc6 3. Bb5 d6 4. 0-0 Be7 5. c3 Nf6 6. Re1 0-0 7. h3 Be6 8. d4 exd4 9. cxd4 Bd7 10. Nc3 a6 11. Ba4 Re8 12. Bg5 h6 13. Bh4 Qc8 14. d5 Ne5 15. Nxe5 dxe5 16. Bxd7 Qxd7 17. Qd2 Nh7 18. Bxe7 Qxe7 19. Rad1 Rad8 20. Qc2 Nf6 21. a3 Qc5 22. b4 Qd6 23. Na4 Nd7 24. Nc5 Qb6 25. Rc1 Re7 26. Rb1 Qa7 27. Red1 Qb6 28. a4 c6 29. dxc6 Qxc6 30. Rbc1 Rc8 31. Rd2 Nxc5 32. Qxc5 Qxc5 33. Rxc5 Rxc5 34. bxc5 Rc7 35. Rd5 f6 36. Kf1 Kf7 37. Ke2 Ke6 38. Kd3 Ke7 39. a5 Rc6 40. Kc4 Rc7 41. Rd6 Rc6 42. Kd5 Rc7 43. h4 g5 44. hxg5 hxg5 45. g4 Rc8 46. Re6+ Kf7 47. Rb6 Rc7 48. Kd6 Re7 49. c6 Re6+ 50. Kd5 bxc6+ 51. Rxc6 Rxc6 52. Kxc6 Ke7 53. Kc7 Ke6 54. Kc6 Ke7 55. Kb6 Kd6 56. f3 Kd7 57. Kxa6 Kc6 58. Ka7 Kc7 59. a6 Kc8 60. Kb6 Kb8 61. Kc6 1-0

[Event "Erfurt op Amateurs 28th"]
[Site "Erfurt"]
[Date "2018.12.29"]
[Round "5"]
[White "Hagenbeck Huebert, Jan"]
[Black "Raumanns, Niklas"]
[Result "0-1"]
[WhiteElo "1543"]
[BlackElo "1597"]
[PlyCount "100"]
[EventDate "2018.12.27"]
[EventType "swiss"]
[EventRounds "7"]
[EventCountry "GER"]
[SourceTitle "EXT 2021"]
[Source "ChessBase"]
[SourceDate "2020.10.23"]
[SourceVersion "1"]
[SourceVersionDate "2020.10.23"]
[SourceQuality "1"]

1. d4 Nf6 2. c4 g6 3. Nc3 Bg7 4. Nf3 0-0 5. e3 d6 6. Bd3 c5 7. 0-0 Na6 8. a3 Nc7 9. Bc2 Bg4 10. h3 Bd7 11. Ne2 b5 12. dxc5 dxc5 13. Bb3 Ne4 14. Qc2 Bc6 15. Nd2 Nxd2 16. Bxd2 Rb8 17. Bc3 Bxc3 18. Qxc3 e6 19. cxb5 Bxb5 20. Rfd1 Qg5 21. Ng3 Bc6 22. Rab1 h5 23. Bc2 Rfc8 24. Ne4 Bxe4 25. Bxe4 Nb5 26. Qc2 Qe5 27. Bd3 Rb7 28. a4 Nc7 29. b3 Rb4 30. Bc4 Nd5 31. Rd3 Nb6 32. Ba6 Rc7 33. Rc1 c4 34. bxc4 Rxa4 35. Bb5 Rb4 36. Rb3 Qc5 37. Rxb4 Qxb4 38. Qc3 Qxc3 39. Rxc3 Nc8 40. Rd3 Kf8 41. Ba6 Nb6 42. Rc3 Ke7 43. Kf1 Kd6 44. Ke2 Kc5 45. Rd3 Nxc4 46. Rc3 Kd5 47. Rd3+ Ke5 48. Rc3 Kd5 49. Rd3+ Kc5 50. Rc3 Kb4 0-1

[Event "GER-ch U25-B"]
[Site "Willingen"]
[Date "2018.05.25"]
[Round "8"]
[White "Silber, Stefanie"]
[Black "Hagenbeck Huebert, Jan"]
[Result "1/2-1/2"]
[WhiteElo "1609"]
[BlackElo "1493"]
[PlyCount "119"]
[EventDate "2018.05.19"]
[EventType "swiss"]
[EventRounds "9"]
[EventCountry "GER"]
[SourceTitle "CBM 184 Extra"]
[Source "ChessBase"]
[SourceDate "2018.06.28"]
[SourceVersion "1"]
[SourceVersionDate "2018.06.28"]
[SourceQuality "1"]

1. e4 e5 2. Nf3 Nc6 3. Bc4 Nf6 4. d3 Be7 5. 0-0 0-0 6. c3 Re8 7. Qb3 Rf8 8. Qc2 a6 9. a4 d5 10. exd5 Nxd5 11. Re1 Bf6 12. d4 exd4 13. Nxd4 Nxd4 14. cxd4 Ne7 15. Be3 Nf5 16. d5 Re8 17. Nc3 Nxe3 18. Rxe3 Rxe3 19. fxe3 Qe7 20. Qf2 Bg4 21. Qf4 Bh5 22. g4 Bg5 23. Qf3 Qxe3+ 24. Kg2 Qxf3+ 25. Kxf3 Bg6 26. Ne4 Bxe4+ 27. Kxe4 Re8+ 28. Kd4 Bf6+ 29. Kd3 h6 30. h3 Kf8 31. Rd1 Rd8 32. b4 Rd6 33. Ke4 Rd8 34. b5 a5 35. Rb1 b6 36. Bb3 Re8+ 37. Kd3 Be5 38. Rf1 Bd6 39. h4 Re5 40. Kd4 Re2 41. Bd1 Rg2 42. Ke4 Kg8 43. Kf5 Kh7 44. h5 Rg3 45. Ke4 Kg8 46. Re1 g6 47. hxg6 fxg6 48. Bf3 Kg7 49. Rh1 Bc5 50. Rf1 Rh3 51. Rh1 Rxh1 52. Bxh1 Kf6 53. Kf3 Ke5 54. Kg3 Kf6 55. Bf3 Kg5 56. Be2 Kf6 57. Bf3 Ke5 58. Kh3 Kf4 59. Kg2 Bd6 60. Bd1 1/2-1/2

[Event "GER-ch U25-B"]
[Site "Willingen"]
[Date "2018.05.22"]
[Round "4"]
[White "Faerber, Sophie"]
[Black "Hagenbeck Huebert, Jan"]
[Result "1/2-1/2"]
[WhiteElo "1349"]
[BlackElo "1493"]
[PlyCount "41"]
[EventDate "2018.05.19"]
[EventType "swiss"]
[EventRounds "9"]
[EventCountry "GER"]
[SourceTitle "CBM 184 Extra"]
[Source "ChessBase"]
[SourceDate "2018.06.28"]
[SourceVersion "1"]
[SourceVersionDate "2018.06.28"]
[SourceQuality "1"]

1. e4 e5 2. Nf3 Nc6 3. Bc4 d6 4. c3 Be6 5. Bb3 Bxb3 6. Qxb3 Rb8 7. d3 Be7 8. 0-0 h6 9. Re1 Nf6 10. Nbd2 0-0 11. Nf1 Qd7 12. Qd1 Rfe8 13. Ng3 Bf8 14. Nd2 d5 15. Nb3 dxe4 16. dxe4 Qxd1 17. Rxd1 Rbd8 18. Be3 Rxd1+ 19. Rxd1 a6 20. f3 g6 21. Bf2 1/2-1/2

[Event "GER-ch U25-B"]
[Site "Willingen"]
[Date "2018.05.20"]
[Round "2"]
[White "Hagenbeck Huebert, Jan"]
[Black "Udaykumar, Arunn Mark"]
[Result "0-1"]
[WhiteElo "1493"]
[BlackElo "1728"]
[PlyCount "146"]
[EventDate "2018.05.19"]
[EventType "swiss"]
[EventRounds "9"]
[EventCountry "GER"]
[SourceTitle "CBM 184 Extra"]
[Source "ChessBase"]
[SourceDate "2018.06.28"]
[SourceVersion "1"]
[SourceVersionDate "2018.06.28"]
[SourceQuality "1"]

1. e4 e5 2. Nf3 Nc6 3. Nc3 Nf6 4. d4 exd4 5. Nxd4 Bb4 6. Nxc6 bxc6 7. Bd3 0-0 8. 0-0 h6 9. h3 d5 10. exd5 cxd5 11. Qf3 Be6 12. a3 Ba5 13. Bf4 c5 14. Be2 d4 15. Ne4 Nxe4 16. Qxe4 Bd5 17. Qd3 Qf6 18. Bg3 Rfe8 19. Qb5 Bb6 20. Rfe1 a6 21. Qd3 Qg5 22. Kh2 Ba5 23. Rf1 Qe7 24. Bf3 Bxf3 25. Qxf3 Qe4 26. Qxe4 Rxe4 27. Rac1 c4 28. f3 Re2 29. Be1 Bc7+ 30. Kh1 Rb8 31. Rf2 Rxe1+ 32. Rxe1 Bg3 33. Rfe2 Bxe1 34. Rxe1 Rxb2 35. Re4 d3 36. cxd3 cxd3 37. Rd4 d2 38. Rd8+ Kh7 39. Kh2 Ra2 40. Kg3 Kg6 41. Rd6+ f6 42. Rd5 Kf7 43. Kg4 Ke6 44. Rd3 f5+ 45. Kh5 Ke5 46. g4 Rxa3 47. Rxa3 d1Q 48. Rxa6 Qd2 49. Rg6 Qd7 50. h4 f4 51. g5 hxg5 52. Rxg5+ Kd4 53. Rg4 Qf7+ 54. Rg6 Ke3 55. Kg5 Kxf3 56. h5 Qe7+ 57. Kf5 Qc5+ 58. Ke6 Qxh5 59. Rxg7 Qh6+ 60. Kf7 Qxg7+ 61. Kxg7 Kg4 62. Kg6 f3 63. Kf6 f2 64. Ke5 f1Q 65. Kd5 Qe2 66. Kd4 Kf5 67. Kd5 Qd3+ 68. Kc5 Ke6 69. Kc6 Qc4+ 70. Kb7 Kd6 71. Kb6 Qb4+ 72. Ka6 Kc7 73. Ka7 Qa4# 0-1